Languages of Italy Quiz (with map) - Statistics

General Stats
  • This quiz has been taken 3,973 times
    3,669 since last reset
  • The average score is 12 of 27
Answers on the Map
Answers color-coded by a green-red scale on the quiz's map according to % correct below.
 
Answer Stats
Answer % Correct
Tuscan
96%
Sicilian
87%
Sardinian
85%
Venetian
72%
Lombard
69%
Neapolitan (various dialects)
66%
Ligurian
59%
Slovene
58%
Piedmontese
52%
Albanian
50%
Greek
50%
Serbo-Croatian
49%
Friulian
45%
Ladin
45%
Catalan
34%
Provençal Occitan
34%
South Tyrolese
33%
Cimbrian Bavarian
31%
Mòcheno
31%
Carinthian Bavarian
30%
Arpitan
28%
Walser German
19%
Central Italian
16%
Sassarese and Gallurese
14%
Emiliano-Romagnolo
11%
Gallo-Italic of Basilicata
6%
Gallo-Italic of Sicily
6%
No matching quizzes found
Score Distribution
Percent of People with Each Score
Percentile by Number Answered
Your Score History
You have not taken this quiz since the last reset